Moloďož i nauka: problemy sovremennoj filologii i metodiki prepodavanija filologičeskich disciplin materialy 7. Meždunarodnoj moloďožnoj naučno-praktičeskoj konferencii : Uľjanovsk, [22.4.2017]

Gespeichert in:
Bibliographische Detailangaben
Körperschaften: Moloďož i nauka: problemy sovremennoj filologii i metodiki prepodavanija filologičeskich disciplin. Meždunarodnaja moloďožnaja naučno-praktičeskaja konferencija, Ministerstvo obrazovanija i nauki Rossijskoj Federacii, Federaľnoje gosudarstvennoje bjudžetnoje obrazovateľnoje učreždenije vysšego obrazovanija, Uľjanovskij gosudarstvennyj pedagogičeskij universitet imeni I. N. Uľjanova
Weitere Verfasser: Lobina, Ju. A., Plužnikova, Ju. A., Rtiščeva, O. A.
Format: Buch
Sprache:Russisch
Englisch
Deutsch
Veröffentlicht: Uľjanovsk Izdateľstvo UlGPU im. I. N. Uľjanova 2017
Ausgabe:1. vyd.
Schlagworte:
Tags: Tag hinzufügen
Keine Tags, Fügen Sie das erste Tag hinzu!

MARC

LEADER 00000nlm a2200000 4500
001 0236828
005 20220830095129.2
020 |a 978-5-86045-924-3 
020 |a 978-5-86045-927-4 
041 0 |a rus 
041 0 |a eng 
041 0 |a ger 
044 |a RU 
245 1 0 |a Moloďož i nauka: problemy sovremennoj filologii i metodiki prepodavanija filologičeskich disciplin  |b materialy 7. Meždunarodnoj moloďožnoj naučno-praktičeskoj konferencii : Uľjanovsk, [22.4.2017]  |c otv. redaktor: Ju. A. Lobina ; recenzenty: Ju. A. Plužnikova, O. A. Rtiščeva 
250 |a 1. vyd. 
264 1 |a Uľjanovsk  |b Izdateľstvo UlGPU im. I. N. Uľjanova  |c 2017 
300 |a online [232 s.] 
610 2 0 |a filológia 
610 2 0 |a vyučovanie 
610 2 0 |a vzdelávanie 
610 2 0 |a mládež 
610 2 0 |a jazykoveda 
610 2 0 |a literatúra 
610 2 0 |a komunikácia interkultúrna 
610 2 0 |a preklady 
610 2 0 |a didaktika 
610 2 0 |a pedagogika 
610 2 0 |a jazyky cudzie 
700 1 |a Lobina, Ju. A. 
700 1 |a Plužnikova, Ju. A. 
700 1 |a Rtiščeva, O. A. 
110 2 |a Moloďož i nauka: problemy sovremennoj filologii i metodiki prepodavanija filologičeskich disciplin. Meždunarodnaja moloďožnaja naučno-praktičeskaja konferencija 
710 2 |a Ministerstvo obrazovanija i nauki Rossijskoj Federacii 
710 2 |a Federaľnoje gosudarstvennoje bjudžetnoje obrazovateľnoje učreždenije vysšego obrazovanija 
710 2 |a Uľjanovskij gosudarstvennyj pedagogičeskij universitet imeni I. N. Uľjanova